| 000 | 00799nam a2200217Ia 4500 | ||
|---|---|---|---|
| 003 | 0 | ||
| 005 | 20250131082951.0 | ||
| 008 | 150126s9999 xx 000 0 und d | ||
| 050 |
_aPGS SB 317.5 _b.C142 2014 |
||
| 100 | _aCalara, Vince Miguel N. | ||
| 245 | 4 |
_aThe effect of coco peat and peat moss on the growth of Solanum lycopersicum / _cVince Miguel N. Calara. |
|
| 260 |
_aLas PiƱas City, Philippines : _bSouthville International School and Colleges, _c2014. |
||
| 300 |
_a24 p. : _bill. ; _c28 cm. |
||
| 504 | _aIncludes bibliographical references. | ||
| 650 |
_aTomatoes _vGrowth. |
||
| 650 |
_aSolanum lycopersicum _vSoil amendments. |
||
| 650 |
_aSoilless culture _vCoco peat. |
||
| 650 |
_aPlant growing media _vPeat moss. |
||
| 650 | _aPeat as soil conditioner. | ||
| 942 |
_2lcc _cPASS |
||
| 999 |
_c278567 _d278567 |
||